000 00723cam a2200229 a 4500
001 49758
003 BD-RjUL
005 20211209054726.0
008 160822s1949 enk 000 0 eng d
035 _a(BD-RjUL)49878
035 _a1034771
040 _aVU
_beng
_cVU
_dVU
041 _aeng
082 0 4 _a370.943
_220
_bSAE 1949
100 1 _aSamuel, R. H.
_q(Richard H.),
_d1900-
_9149169
245 1 0 _aEducation and society in modern Germany /
_cby R.H. Samuel and R. Hinton Thomas.
260 _aLondon :
_bRoutledge & Kegan Paul,
_c1949.
300 _a191 p. :
_bill. ;
_c21 cm.
650 0 _aEducation
_zGermany
_xHistory.
_9141172
700 1 _aThomas, R. Hinton
_q(Richard Hinton),
_d1912-
_9149170
942 _2ddc
_cBK
999 _c49758
_d49758